Banks to Sandberg to Grace (Бичлэгийн дугаар. 145484)
| 000 -УДИРДЛАГА | |
|---|---|
| Удирдлага | 00703nam a22002177a 4500 |
| 003 - ХЯНАЛТЫН ТОО ТОДОРХОЙЛОГЧ | |
| Код | MN-UlNUM |
| 005 - БИЧИЛТ ХИЙСЭН ОГНОО | |
| Тухайн бичилтийг бичсэн засварласан сүүлийн огноо | 20251112101820.0 |
| 008 - ЕРӨНХИЙ МЭДЭЭЛЭЛ | |
| Ерөнхий мэдээлэл | 251112s2001 ilua|||| |||| 001 0ceng | |
| 020 ## - ISBN | |
| ISBN | 0809297124 |
| -- | 0071385568 |
| 040 ## - БИЧЛЭГ ҮҮСГЭГЧ БАЙГУУЛЛАГА | |
| Бичлэг үүсгэгч номын сангийн код | МУИС-ийн номын сан |
| 084 ## - ББК АНГИЛАЛ | |
| Нэмэлт тусгалт | Нэг сэдэвт бүтээл |
| ББК ангилал | 85.1 |
| Зохиогчийн гурван тэмдэгт | M 97 |
| Мэдлэгийн ялгаа | 85 - Урлаг |
| 245 00 - ҮНДСЭН ГАРЧИГ | |
| Номын нэр | Banks to Sandberg to Grace |
| Бага гарчгийн мэдээ | five decades of love and frustration with the Chicago Cubs |
| Оролцогчдын тухай мэдээ | compiled by Carrie Muskat. |
| 246 30 - ЗЭРЭГЦЭЭ ГАРЧИГ | |
| Зэрэгцээ гарчиг | Five decades of love and frustration with the Chicago Cubs |
| 260 ## - ГАРАЛТЫН МЭДЭЭ | |
| Хэвлэгдсэн газар | Lincolnwood, Ill. : |
| Хэвлэлийн газар | Contemporary Books, |
| Хэвлэгдсэн он | 2001. |
| 300 ## - МАТЕРИАЛЫН ТОДОРХОЙЛОЛТ | |
| хуудасны тоо | xii, 292 p. : |
| Бусад тоон мэдээлэл | ill. ; |
| Хэмжээ | 23 cm. |
| 500 ## - Тайлбар | |
| Дансны дугаар | БС 2086 |
| 546 ## - ХЭЛНИЙ ТУХАЙ МЭДЭЭ | |
| Хэл | Англи хэл дээр, |
| 700 1# - ХАМ ЗОХИОГЧИД | |
| Ба бус | Muskat, Carrie. |
| 942 ## - ЭЛЕМЕНТИЙН ТӨРӨЛ | |
| Зүйлийн төрөл | Ном |
